|
|
|
|
| LEADER |
01565nam a22003137a 4500 |
| 001 |
1844 |
| 003 |
BD-DhAAL |
| 005 |
20230927101516.0 |
| 008 |
160201s 1992bd ||||| |||| 00| 0 ben d |
| 020 |
|
|
|a 9840501313
|
| 020 |
|
|
|a 9789840501311
|
| 040 |
|
|
|a BD-DhAAL
|c BD-DhAAL
|
| 041 |
|
|
|a ben
|
| 082 |
|
|
|a 954.9205
|
| 100 |
|
|
|a আহমদ, মওদুদ.
|9 17675
|
| 245 |
|
|
|a বাংলাদেশ :
|b স্বায়ত্তশাসন থেকে স্বাধীনতা /
|c মওদুদ আহমদ
|
| 250 |
|
|
|a First edition.
|
| 260 |
|
|
|a ঢাকা :
|b ইউনিভার্সিটি প্রেস,
|c ১৯৯২.
|
| 300 |
|
|
|a ২২৭ পৃষ্ঠা :
|b চিত্র ;
|c ২২ সে.মি.
|
| 526 |
|
|
|a BIED
|
| 541 |
|
|
|e 1844
|a Complimentary copy from BIED
|
| 650 |
|
|
|a
|9 17676
|
| 651 |
|
|
|a Bangladesh
|x Politics and government.
|9 17677
|
| 852 |
|
|
|a Ayesha Abed Library
|c General Stacks
|
| 942 |
|
|
|2 ddc
|c BK
|
| 999 |
|
|
|c 36750
|d 36750
|
| 952 |
|
|
|0 0
|1 0
|2 ddc
|4 0
|6 954_920500000000000_AHM
|7 0
|9 57826
|a SCL
|b SCL
|c GEN
|d 2016-02-01
|g 135.00
|l 5
|m 2
|o 954.9205 AHM
|p 3020001844
|r 2025-05-14
|s 2025-04-26
|t 1
|w 2016-02-01
|y BK
|
| 952 |
|
|
|0 0
|1 0
|2 ddc
|4 0
|6 954_920500000000000_AHM
|7 0
|9 57829
|a SCL
|b SCL
|c GEN
|d 2016-02-01
|g 135.00
|l 4
|m 2
|o 954.9205 AHM
|p 3020001310
|r 2024-04-28
|s 2024-04-23
|t 2
|w 2016-02-01
|y BK
|
| 952 |
|
|
|0 0
|1 0
|2 ddc
|4 0
|6 954_920500000000000_AHM
|7 0
|9 74464
|a BRACUL
|b BRACUL
|c GEN
|d 2023-09-27
|e Complimentary copy from BIED
|g 135.00
|l 0
|o 954.9205 AHM
|p 3010041792
|r 2023-09-27
|t 3
|w 2023-09-27
|y BK
|x Transferred from BIED to General Stacks
|